00770 2200265 4500001002100000005001500021035002000036007000300056008004100059020002200100082000800122084001400130100002400144245010800168250001000276260004100286300003900327650002200366700002800388700002100416520003000437520001300467990001200480990001200492INLIS00000000000170120180309095504 a0010-0318000044ta180309 g 0 ind  a978-979-592-678-8 a350 a350 JAG p0 aJAGAD, A. Purbawati1 aPemerintah Bayangan & Big Brother /cJagad A. Purbawati; editor Tim Pustaka Al-Kautsar, Jihan Purbawati acet.1 aJakarta :bPustaka Al-Kautsar,c2014 axxxii, 580 hlm. :bilus. ;c21 cm. aPEMERINTAHAN UMUM0 aTIM, Pustaka Al-Kautsar0 aJIHAN, Purbawati abibliografi: hlm. 564-567 alampiran a16544 a a16544 b